00694nam a2200217 a 4500001001300000003000900013005001700022008004100039020002300080082001800103100001400121245008800135260004000223300000900263500003500272650001800307902000800325942000700333952011900340999001700459nice12345678IN_TiNIC20260116014128.0100216s2007 newa grp 000 0 eng  a9788125030676c82500a341.7588bJAM aJomo, K S aFlat World Big Gapsb Econimic Liberalization, Globalization, Poverty and Ineqality aNew Delhi bOrient Blackswan c2007 a416p aincludes index and biblioraphy aGlobalization bSRS cBK 001040708StackRoom-aHMIbHMId2010-02-16g825.00l0o341.7588 JAMp023168r2010-02-16v825.00w2010-02-16yBK c14000d14000